Normal view
MARC view
- Faisal raza
Entry Personal Name
001 - CONTROL NUMBER
- control field: 50812
003 - CONTROL NUMBER IDENTIFIER
- control field: NUST
005 - DATE AND TIME OF LATEST TRANSACTION
- control field: 20210314134805.0
008 - FIXED-LENGTH DATA ELEMENTS
- fixed length control field: 210314|| aca||aabn | a|a d
040 ## - CATALOGING SOURCE
- Original cataloging agency: NUST
- Transcribing agency: NUST
100 ## - HEADING--PERSONAL NAME
- Personal name: Faisal raza
670 ## - SOURCE DATA FOUND
- Source citation: Work cat.: (NUST): Faisal raza, performance of evaluation of an at grade signalized urban intersection using synchro/simtraffic, 2015.
